000 00969cam a22002651 4500
001 gs 38000177
003 DLC
005 20260227111343.0
008 770118s1938 dcu f000 0 eng c
010 _ags 38000177
035 _a(OCoLC)2686411
040 _aU.S. Geol. survey. Library
_cTxH
_dOCoLC
_dDLC
042 _apremarc
050 0 0 _aQE75
_b.P9 no. 187
100 1 _aKing, Philip Burke,
_d1903-
245 1 0 _aGeology of the Marathon region, Texas,
_cby Philip B. King.
260 _aWashington,
_bU.S. Govt. print. off.,
_c1938.
300 _aix, 148 p.
_billus., 24 p. (incl. fold. maps, fold. diagrs.)
_c29 cm.
490 0 _aU. S. Geological survey. Professional paper 187
500 _aAt head of title: United States Department of the interior.
500 _a3 folded maps and 1 folded diagram in pocket.
504 _aBibliographical foot-notes.
650 0 _aGeology
_zTexas
_zBrewster County.
740 0 _aMarathon region, Texas, Geology of the.
999 _c27460
_d27460